| 000 | 00759cam a22002533a 4500 | ||
|---|---|---|---|
| 001 | 19077 | ||
| 003 | PGUSA | ||
| 005 | 20140828083414.0 | ||
| 008 | 060818s2006||||xxu|||||s|||||000 | eng d | ||
| 040 |
_aPGUSA _beng |
||
| 042 | _adc | ||
| 050 | 4 | _aTX | |
| 100 | 1 |
_aHill, Janet McKenzie, _d1852-1933 |
|
| 245 | 1 | 0 |
_aSalads, Sandwiches and Chafing-Dish Dainties : _bWith Fifty Illustrations of Original Dishes _h[electronic resource] / _cJanet McKenzie Hill |
| 260 |
_bProject Gutenberg, _c2006 |
||
| 506 | _aPublic domain in the USA. | ||
| 516 | _aElectronic text | ||
| 653 | _aSandwiches | ||
| 653 | _aChafing dish cooking | ||
| 653 | _aSalads | ||
| 830 | 0 |
_aProject Gutenberg _v19077 |
|
| 856 | 4 | 0 | _uhttp://www.gutenberg.org/ebooks/19077 |
| 942 | _cEB | ||
| 999 |
_c248332 _d248332 |
||